| 000 | 00904cam a2200253 4500 | ||
|---|---|---|---|
| 008 | 000000n2002 000 0 eng u | ||
| 020 | _a0728203715 | ||
| 035 | _a(Sirsi) u116740 | ||
| 041 | _aeng. | ||
| 050 | _a630 | ||
| 100 | _aPrag, Peter | ||
| 245 | _aRural diversification. | ||
| 250 | _a2nd ed. | ||
| 260 |
_aLondon _bEstates Gazette _c2002 |
||
| 300 |
_aix, 171p _c22cm. |
||
| 350 | _a20.00 | ||
| 520 | _aA comprehensive guide on how to embark on a diversification scheme. Looks at the different reasons for doing so, the ways in which schemes should be assessed, and how a suitable project may then be implemented. Issues covered include finance, planning, marketing, and legal and tax issues. | ||
| 650 | _aALTERNATIVE ENTERPRISES | ||
| 650 | _aDIVERSIFICATION | ||
| 650 | _aFARM SHOPS | ||
| 650 | _aFARM BUSINESSES | ||
| 690 | _aRURAL-FARM BUSINESS MANAGEMENT | ||
| 942 | _n0 | ||
| 999 |
_c101891 _d101891 |
||